• 首页
  • 本馆介绍
  • 公告通知
  • 最新文献
  • 馆藏检索
  • 电子资源
  • 读者导购
  • 参考咨询
  • 我的图书馆
  • 登录
  • 详细信息显示
  • 放入我的书架
  • 预约/预借图书
  • 作者相关作品
  • 分类相关作品
  • 丛书相关作品
  • 出版社相关作品

书目信息

  • 表格格式
  • 工作单格式
  • 卡片格式
题名:
英语数学
    
 
作者: 王亨时 编
分册:  
出版信息: 上海   上海交通大学出版社  1985
页数: 195页
开本: 19cm
丛书名:
单 册:
中图分类: H319.4 , H31
科图分类:
主题词: 英语-数学--中学--教学参考资料 , 数学-英语--中学--教学参考资料 , 英语
电子资源:
ISBN:
000 00719nam0 2200277 45
001 0185013803
005 20040510085104.4
010    @dCNY1.25
091    @a13324.107
100    @a19951031d1985 em y0chiy0121 ea
101 0  @achi
102    @aCN@b310000
105    @ay z 000yy
106    @ar
200 10 @a英语数学@Aying yu shu xue@f王亨时编
210    @a上海@c上海交通大学出版社@d1985
215    @a195页@d19cm
606    @a英语-数学@x中学@x教学参考资料
606    @a数学-英语@x中学@x教学参考资料
606 0  @a英语
690    @aH319.4@v3
690    @aH31
701  0 @a王亨时@4编@Awang heng shi
801  0 @aCN@b深圳图书馆@c20040510
801  2 @aCN@bNLC@c20040510
905    @f3@b152389-391@dH31@e191
    
    英语数学/王亨时编.-上海:上海交通大学出版社,1985
    195页;19cm
    
    
    ISBN :CNY1.25
    
●
相关链接 在E读中查询图书 在五车中查询图书 在当当中查询图书 在豆瓣中查询图书


正题名:英语数学     索取号:H31/191         预约/预借

序号 登录号 条形码 馆藏地/架位号 状态 备注
1 0152389   000928429   第四借阅区/ [索取号:H31/191] 在馆    
2 0152390   000928465   第四借阅区/ [索取号:H31/191] 在馆    
3 0152391   000928385   第二样本阅览室/ [索取号:H31/191] 在馆    
唐山师范学院图书馆 欢迎您!
大连网信软件有限公司© 版权所有